| 000 | 00496nam a22001817a 4500 | ||
|---|---|---|---|
| 003 | LK-CoMWRAF | ||
| 005 | 20231211003824.0 | ||
| 008 | 231211b2009 |||||||| |||| 00| 0 eng d | ||
| 040 |
_aLK-CoMWRAF _dLK-CoMWRAF _eLK-CoMWRAF |
||
| 041 | _aeng | ||
| 082 |
_a322.1 _bBAL |
||
| 100 | _aBalchin, Cassandra | ||
| 245 |
_aExposed religious fundamentalisms: _bTen myths about religious fundamentalisms |
||
| 260 |
_bAwid, _c2009 |
||
| 300 | _a40 p. | ||
| 650 | _aRELIGIOUS FUNDAMENTALISMS | ||
| 942 | _cBK | ||
| 999 |
_c4338 _d4338 |
||